Dow Jones Quiz Stats

 Plays Quiz Updated Oct 20, 2020

Support Sporcle.
Go Orange.
Score 0/30 Timer 05:00
1 Play Today
Stock Symbol Company % Correct
NYSE: IBMIBM
92.2%
NASDAQ: MSFTMicrosoft
86.8%
NYSE: DISWalt Disney
81.3%
NYSE: VZVerizon Communications
77.2%
NYSE: MCDMcDonald's
72.9%
NYSE: JPMJPMorgan Chase
70.5%
NYSE: NIKENike
69.8%
NYSE: PGProcter & Gamble
64.8%
NYSE: WMTWalmart Stores
63.7%
NYSE: JNJJohnson & Johnson
57.3%
NASDAQ: INTCIntel
56.9%
NYSE: CATCaterpillar
54.7%
NYSE: MMM3M
53.7%
NASDAQ: AAPLApple
49.8%
NYSE: VVisa
49.6%
Stock Symbol Company % Correct
NYSE: AXPAmerican Express
46.3%
NYSE: MRKMerck
44%
NASDAQ: CSCOCisco Systems
41.9%
NASDAQ: AMGNAmgen
39.6%
NYSE: KOCoca-Cola
37.4%
NYSE: HONHoneywell
37.3%
NYSE: HDHome Depot
35.2%
NYSE: BABoeing
29.9%
NYSE: UNHUnitedHealth Group
27.5%
NYSE: GSGoldman Sachs
27.4%
NYSE: CRMSalesforce
24.8%
NYSE: WBAWalgreen
23.1%
NYSE: CVXChevron Corporation
22.1%
NYSE: DOWDow Chemical
19.1%
NYSE: TRVTravelers Companies Inc
16.7%

From the Vault

Group Clicking: Asia

by Barbecue

Geography 60s
The thumbnail might say otherwise, but you can't just highlight everything and click it once.
Remove Ads.
Support Sporcle.
Get the best of Sporcle when you Go Orange. This ad-free experience offers more features, more stats, and more fun while also helping to support Sporcle. Thank you for becoming a member.

Show Comments

Extras

Top Quizzes Today


Score Distribution

Your Account Isn't Verified!

In order to create a playlist on Sporcle, you need to verify the email address you used during registration. Go to your Sporcle Settings to finish the process.

Report this User

Report this user for behavior that violates our Community Guidelines.

Details: